000 00658nam a2200181Ia 4500
008 151018s9999 xx 000 0 und d
082 _bRBASDV52381
_a927
100 _aसुर्यकांत मांडरे
245 _aदेवाशपथ खरं लिहीन
250 _b1
260 _bअमेय प्रकाशन पुणे
_c2005
300 _a360
600 _aसुर्यकांत मांडरे
630 _aदेवाशपथ खरं लिहीन
700 _aसुर्यकांत मांडरे
730 _aदेवाशपथ खरं लिहीन
942 _cBOOK
999 _c1050977
_d1050974